01306nam a2200253Ia 450000500170000000800410001702000150005804100080007310000400008124500670012125000220018826400260021030000250023633600270026133700330028833800280032149000380034952005080038765000400089565000420093565000290097704000350100608400110104120220316235410.0121119s1984 sp gr 000 j spa  a84206005710 aspa1 aGomez Valderrama, Pedro,d1923-199213aLa nave de los locos y otros relatosbPedro Gómez Valderrama aPrimera edición 1aMadridbAlianzac1984 a160 páginasc18 cm atextobtxt2rdacontent asin mediaciónbn2rdamedia avolumenbnc2rdacarrier0 aEl libro de bolsillo : literatura3 aEl ciego cuenta que en todo sitio que tocaba nadie sabía bien si se trataba de la nave de los Locos o Nave de Peregrinos de Santiago. Los hombres de la nave adoptaban entonces la figura más conveniente. De una de esas incursiones a puertos de Flandes. Un pintor flamenco Llamado Hyeronimus Bosch vino al navío y pareció ser uno de nosotros. Pasó dos días navegando y haciendo dibujos. Dicen que el cuadro que pintó es una hermosa obra, y que en ella refleja refleja exactamente lo que vio.142LEMBaCuentos colombianosySiglo XX142LEMBaLiteratura colombianaySiglo XX142LEMBaHistoria vCuentos aCO-BoRNBPbspaerdacCO-BoRNBP aC GOM3